Lucha ideológica en torno a la seguridad nacional
Guardat en:
| Autor principal: | |
|---|---|
| Autor corporatiu: | |
| Format: | Llibre |
| Idioma: | espanyol |
| Publicat: |
Santiago
CEDENAC
1989
|
| Col·lecció: | Ensayo, 6
|
| Matèries: | |
| Etiquetes: |
Afegir etiqueta
Sense etiquetes, Sigues el primer a etiquetar aquest registre!
|
MARC
| LEADER | 00000nam a2200000 a 4500 | ||
|---|---|---|---|
| 001 | UCX2004 | ||
| 003 | CL-VaPUC | ||
| 008 | 901214e19890000CL |||||||||||||||||spa|d | ||
| 082 | 0 | 4 | |a 355.033 |b LAN |2 21 |
| 100 | |a Lane Ortega, Arturo |e author |9 317750 | ||
| 110 | 2 | |a Cedenac, Chile |e author |9 317751 | |
| 245 | 1 | 0 | |a Lucha ideológica en torno a la seguridad nacional |
| 300 | |a 19 h | ||
| 942 | |c BK | ||
| 945 | |d 19901214 00:00:00 | ||
| 260 | |a Santiago |b CEDENAC |c 1989 | ||
| 650 | 0 | |a Seguridad nacional |9 317752 | |
| 651 | 7 | |a CHILE |2 CL-VaPUC |9 317753 | |
| 583 | |a last modification |c 19901214 00:00:00 |k Rodrigo Vera | ||
| 490 | 0 | |a Ensayo, 6 | |
| 999 | |c 223116 |d 223114 | ||
| 952 | |0 0 |1 0 |4 0 |6 355_033000000000000_LAN_1989 |7 0 |8 A |9 218609 |a BIBHIS |b BIBHIS |d 2019-11-15 |i 2874148 |o 355.033 LAN 1989 |p 2874148 |r 2025-01-20 |w 2019-11-15 |y BK |k HIS | ||